000 00661nam a2200205 a 4500
005 20140310183331.0
008 060818s19uu xx 00 eng d
020 _a0471460079
050 _aGV 716
_b.Su86 2005
100 _aSupovitz, Frank
245 _aThe sports event management and marketing playbook. /
260 _aU.S.A :
_bJohn Wiley & Sons, Inc,
_c2005.
300 _a478 p. :
_bill. ;
_c27 cm.
521 _aBSBA
650 _aSports
_xMarketing
_xHandbooks, manuals, etc.
650 _aSports
_xEconomic aspects
_xHandbooks, manuals, etc.
650 _aSports Administration
_xHandbooks, manuals, etc.
942 _cBK
_2lcc
_kFOR
999 _c21562
_d21562